000 00866nam a2200217Ii 4500
003 JO-AjNU
008 230605s9999||||xx |||||||||||||| ||und||
017 _a1993/7/736
040 _aJO-AjNU
_bara
_erda
_cJO-AjNU
041 _aara
050 1 4 _aQC173.A22 1994
100 3 _aالعائدي، حمادة أحمد,
_eauthor
_949884
245 0 0 _aمن الذرة الى المجرة : نظرة في الكون والإنسان والحياة دراسات فلكية من وحي القرآن الكريم
250 _aط1
264 3 1 _aعمان: دار الفكر للطباعة والنشر والتوزيع، 1994
300 _a477ص
336 _atext
_btxt
_2rdacontent
337 _aunmediated
_bn
_2rdamedia
338 _avolume
_bnc
_2rdacarrier
650 4 _aالقرآن والفلك- الذرات- النيازك- المجموعة الشمسية
_949885
999 _aA21939
_c25507
_d25507